000
00337nam a22001577a 4500
003
SGT
020
_a
9789356961852
082
_a
617
_b
S23B
100
_a
BHAT, M. SRIRAM
245
_a
SRB'S MANUAL OF SURGERY
250
_a
7TH
260
_a
INDIA
_b
JAYPEE PUB
_c
2023
300
_a
1296
650
_a
GENRAL SURGERY
942
_2
ddc
_c
BK
999
_c
30604
_d
30604